| 000 | 00610cam a2200193 4500 | ||
|---|---|---|---|
| 001 | ABS67172 | ||
| 008 | 031029n2003 000 0 eng u | ||
| 035 | _a(Sirsi) u124146 | ||
| 100 | _aBarnard, L. | ||
| 245 | _aPremiums put a torch to profits | ||
| 260 | _c2003 | ||
| 490 |
_aEstates Gazette _v(0340) 4 October 2003, 136-137(2) |
||
| 520 | _aConsiders the reasons behind the increase in the cost of professional indemnity insurance in the last three years. | ||
| 590 | _aABS | ||
| 650 | _aPROFESSIONAL INDEMNITY INSURANCE | ||
| 650 | _aINSURANCE PREMIUMS | ||
| 690 |
_aInsurance _96249 |
||
| 942 | _n0 | ||
| 999 |
_c73682 _d73682 |
||